00926nam a2200253 a 450000100060000000300080000600500170001400800410003103500190007203500140009104000240010504100080012908200310013710000210016824501220018926000440031130000320035549000470038765000610043465000630049565000390055865000410059770000340063827432BD-RjUL20211209051144.0880715s1979 dcu 000 0 eng d a(BD-RjUL)27506 a(BD-RjUL) aANLbengcANLdAINT aeng04a338.13091724220bBAP 19791 aBale, Malcolm D.10aPrice distortions in agriculture and their effects :ban international comparison /cMalcolm D. Bale and Ernst Lutz. aWashington, D.C. :bWorld Bank,cc1979. a23 leaves :bIll. ;c28 cm. aWorld Bank staff working papers ;vno. 359 0aAgricultural priceszDeveloping countriesxCase studies. 0aAgriculture and statezDeveloping countriesxCase studies. 0aAgricultural pricesxCase studies. 0aAgriculture and statexCase studies.1 aLutz, Ernst, Jt. auth.d1949-